LEADER 01122nam a2200289 i 4500 001 000000139786 003 CaOOAMICUS 005 20050531000000.0 008 050531s2001 it u000 u ita u 013 $a113919 020 $a88-07-17054-X 040 $aSeMil$bita 100 1 $aTutu, Desmond.$0(OLS)http://semarc/name/31982 240 10$aNo future without forgiveness.$0(OLS)http://semarc/title/204174 245 10$aNon c'è futuro senza perdono /$cDesmond Mpilo Tutu. 260 $aMilano :$bFeltrinelli,$c2001. 300 $a214 p. ;$c23 cm. 490 0 $aSerie Bianca 500 $aContiene : Appendice. 650 4$aSud Africa - Storia.$0(OLS)http://semarc/subject/27470 830 0$aSerie bianca.$0(OLS)http://semarc/title/10031 850 $aSeMil 852 $aSeMil$W1$xVenegono$y1$m52 32 4 *$j93176$B93176$CSeMilBibl$Z2$F98748 $81 961 $aLascito: Corradi mons. Enrico 996 $6020$a88-07-17054-X$9(OLS)http://semarc/number/127848 996 $6245$aNon c'è futuro senza perdono$9(OLS)http://semarc/title/204173 996 $6260$aMilano :$bFeltrinelli$9(OLS)http://semarc/publisher/30237 LEADER 01182nam a2200265 i 4500 001 000000225177 003 CaOOAMICUS 005 20131125000000.0 008 131125s1969 it u000 u ita u 013 $a204076 040 $aSeMil$bita 100 1 $aBimbi, Guido.$0(OLS)http://semarc/name/78282 245 10$aViareggio dopo Avola :$bla grande menzogna: le violenze della polizia : ...poi Battipaglia /$cGuido Bimbi, Luciano Secchi. 260 $aMilano :$bJaca Book,$c1969. 300 $a68 p. ;$c21 cm. 490 0 $aPiccola serie ;$v24 650 4$aItalia - Politica - Sec. 20.$0(OLS)http://semarc/subject/2745 650 4$aItalia - Politica - 1968-1975.$0(OLS)http://semarc/subject/32993 700 1 $aSecchi, Luciano.$0(OLS)http://semarc/name/78283 830 0$aPiccola serie ;$v24.$0(OLS)http://semarc/title/6271 850 $aSeMil 852 $aSeMil$W1$xVenegono$y1$m3U II 549$j175523$B175523$CSeMilBibl$Z2$F185910 $81 961 $aOmaggio: Altro 996 $6245$aViareggio dopo Avola :$bla grande menzogna: le violenze della polizia : ...poi Battipaglia$9(OLS)http://semarc/title/322579 996 $6260$aMilano :$bJaca Book$9(OLS)http://semarc/publisher/29781